| 000 | 01026nam a2200313Ia 4500 | ||
|---|---|---|---|
| 003 | OSt | ||
| 005 | 20221007124706.0 | ||
| 006 | a|||||r|||| 00| 0 | ||
| 007 | ta | ||
| 008 | 221006b |||||||| |||| 00| 0 eng d | ||
| 020 | _a9783527293902 (pbk) | ||
| 024 | _a192486 | ||
| 037 |
_b4013, 26/03/2015, Educational Book Agency (India) _cTextual |
||
| 040 |
_aCDL _cCDL _beng |
||
| 041 |
_2eng _aeng |
||
| 082 | _aE5,8191, P6;6-;7Carc | ||
| 100 | _aElschenbroich Christoph | ||
| 245 | 0 | _aOrganometallics | |
| 250 | _a3 | ||
| 260 |
_aWeinheim _bWiley _c2006 |
||
| 300 |
_axiv, 804p. ill. _ccm. |
||
| 500 | _aAppendix A 717-759p.; Index 761-804p.; Reprint 2013 | ||
| 650 |
_a Lanthanoidocene catalysts _9720122 |
||
| 650 |
_a Polyethylene _9720123 |
||
| 650 |
_a Reppe syntheses _9718328 |
||
| 650 |
_aHydrogenation of alkenes _9718329 |
||
| 942 |
_hE5,8191, P6;6-;7Carc _cTEXL _2CC |
||
| 999 |
_c1213932 _d1213932 |
||